| 000 | 01506cam a2200325 i 4500 | ||
|---|---|---|---|
| 001 | 991061727877606706 | ||
| 003 | ES-BaIT | ||
| 005 | 20260227122542.0 | ||
| 008 | 250922e202505 fr r 000 d fre c | ||
| 020 | _a9782749816937 | ||
| 040 |
_aES-BaIT _bcat _erda _cES-BaIT |
||
| 080 | _a840-2"20" | ||
| 100 | 1 |
_aOppecini, Alexandre _eautor _9168746 |
|
| 245 | 1 | 4 |
_aLes Parallèles / _cAlexandre Oppecini |
| 264 | 1 |
_aParis : _bL'avant-scène théâtre, _cmai 2025 |
|
| 300 |
_a56 pàgines ; _c21 cm |
||
| 336 |
_atext _btxt _2rdacontent |
||
| 337 |
_asense mediació _bn _2rdamedia |
||
| 338 |
_avolum _bnc _2rdacarrier |
||
| 490 | 1 |
_aL'Avant-scène théâtre; _vno 1578 |
|
| 500 | _aP2: D1, H1 | ||
| 500 | _aPublicat com no 1578 (mai 2025) de la revista L'Avant-scène théâtre | ||
| 500 | _aEstrena Théâtre l'Alb'Oru (Bastia), el 18 de novembre 2022 | ||
| 520 | _a"À la fois crue et poétique, Les Parallèles est une fable contemporaine entre drame intime et comédie romantique. Un soir, dans une ville sans nom, Elle et Lui se croisent sur le pas d'une porte. Elle est piquante et sexy. Lui est hypersensible et timide. Si différents l'un de l'autre, ces anonymes suivent pourtant des trajectoires de vie parallèles. Et les parallèles ne se rencontrent jamais... sauf, peut-être, à l'infini"-- Contracoberta | ||
| 650 | 0 |
_aHomes i dones _vTextos dramàtics _987739 |
|
| 830 |
_aAvant-scène. _pThéâtre _vno 1578 _9168170 |
||
| 908 | _aCDMAE | ||
| 940 | _aCDMAE | ||
| 942 |
_2udc _c1 |
||
| 999 |
_c137167 _d137167 |
||